Southville International School and Colleges
Your cart is empty.
  • Cart
  • Lists
    Public lists Eva Luna New books Lux_list list_1
    Your lists Log in to create your own lists
  • Log in to your account
  • Your cookies
  • Search history
Southville International School and Colleges
  • Advanced search
  • Recent comments
  • Most popular
  • Libraries

Log in to your account

Log in with GOOGLE


If you do not have an external account, but do have a local account, you can still log in:

  1. Home
  2. MARC view: Grey lady and the strawberry snatcher (The)/
Normal view MARC view ISBD view

Grey lady and the strawberry snatcher (The)/ (Record no. 103181)

[ view plain ]
MARC details
000 -LEADER
fixed length control field 00683nam a2200181 a 4500
005 - DATE AND TIME OF LATEST TRANSACTION
control field 20140412111252.0
008 - FIXED-LENGTH DATA ELEMENTS--GENERAL INFORMATION
fixed length control field 000824s19uu xx 00 eng d
020 ## - INTERNATIONAL STANDARD BOOK NUMBER
International Standard Book Number 0-689-80381-8
050 ## - LIBRARY OF CONGRESS CALL NUMBER
Classification number TR(PS E
Item number Gr75 1980
100 ## - MAIN ENTRY--PERSONAL NAME
Personal name Bang, Molly
245 ## - TITLE STATEMENT
Title Grey lady and the strawberry snatcher (The)/
Statement of responsibility, etc by Molly Bang.
260 ## - PUBLICATION, DISTRIBUTION, ETC. (IMPRINT)
Place of publication, distribution, etc New York :
Name of publisher, distributor, etc Aladdin Paperbacks,
Date of publication, distribution, etc 1980.
300 ## - PHYSICAL DESCRIPTION
Extent 1 v. (unp.) ; ill.
520 ## - SUMMARY, ETC.
Summary, etc The strawberry snatcher tries to wrest the strawberries from the grey lady but as he follows her through shops and woods she dicovers some delicious blackberries instead.
650 ## - SUBJECT ADDED ENTRY--TOPICAL TERM
Topical term or geographic name as entry element Stories without words
650 ## - SUBJECT ADDED ENTRY--TOPICAL TERM
Topical term or geographic name as entry element Strawberries-Fiction
Holdings
Withdrawn status Lost status Damaged status Home library Current library Shelving location Date acquired Source of acquisition Cost, normal purchase price Total Checkouts Full call number Barcode Date last seen Price effective from Koha item type
      Elizalde Library Elizalde Library Teachers Reference Section 08/24/2000   218.00   TR(PS E Gr75 1980 E3967 04/12/2014 04/12/2014 Books

Grey lady and the strawberry snatcher (The)/

APA

Bang M., . (1980). Grey lady and the strawberry snatcher (The). New York: Aladdin Paperbacks.

Chicago

Bang Molly, . 1980. Grey lady and the strawberry snatcher (The). New York: Aladdin Paperbacks.

Harvard

Bang M., . (1980). Grey lady and the strawberry snatcher (The). New York: Aladdin Paperbacks.

MLA

Bang Molly, . Grey lady and the strawberry snatcher (The). New York: Aladdin Paperbacks. 1980.

  • Place hold
  • Print
  • Cite
  • Add to your cart (remove)
  • Save record
    BIBTEX Dublin Core MARCXML MARC (non-Unicode/MARC-8) MARC (Unicode/UTF-8) MARC (Unicode/UTF-8, Standard) MODS (XML) RIS
  • More searches
    Search for this title in:
    Other Libraries (WorldCat) Other Databases (Google Scholar) Online Stores (Bookfinder.com) Open Library (openlibrary.org)

Exporting to Dublin Core...

SOUTHVILLE LIBRARY

Southville International School and Colleges Library

1281 Tropical Ave. Cor. Luxembourg St., BF Homes International, Las Pinas City

Tel. No. 8256374 / 252358 Loc. 117/146

Powered by Koha